| 000 | 01515cam a2200385 4500 | ||
|---|---|---|---|
| 001 | WB3709-14 | ||
| 008 | 000000n2001 000 0 eng u | ||
| 035 | _a(Sirsi) u111201 | ||
| 245 | _aHouse prices in market towns show big rise | ||
| 260 | _c2001 | ||
| 490 |
_aFinancial Times _v26 February 2001, 5(2) |
||
| 520 | _aAn HM Land Registry survey reveals that house prices are rising faster in many market towns than in greater London as commuters are forced to look further afield due to the high cost of homes in the metropolis. The biggest increases are in towns with fast road or rail links to the capital, although demand for retirement properties is also driving up the value of rural homes. The north-south divide, however, continues to grow. The slowest growth was in North Wales whilst prices in Bridgend, Hartlepool and Stoke-on-Trent fell. Table. | ||
| 590 | _aWB | ||
| 650 | _aBATH | ||
| 650 | _aBRIDGEND | ||
| 650 | _aEAST ANGLIA | ||
| 650 | _aEAST MIDLANDS | ||
| 650 | _aHARTLEPOOL | ||
| 650 | _aHM LAND REGISTRY | ||
| 650 | _aHOUSE PRICES | ||
| 650 | _aHOUSE SALES | ||
| 650 | _aHOUSING MARKET | ||
| 650 | _aHM LAND REGISTRY | ||
| 650 | _aM4 CORRIDOR | ||
| 650 | _aNORTH WALES | ||
| 650 | _aPOOLE | ||
| 650 | _aREGIONS | ||
| 650 |
_aRESIDENTIAL PROPERTY _96266 |
||
| 650 | _aRETIREMENT HOMES | ||
| 650 | _aRURAL PROPERTY | ||
| 650 | _aSTOKE-ON-TRENT | ||
| 650 | _aSOUTH WEST | ||
| 690 | _aPROPERTY-RESIDENTIAL PROPERTY-RESIDENTIAL PROPERTY MARKET | ||
| 942 | _n0 | ||
| 999 |
_c66249 _d66249 |
||